Countries by Satellite Image - Statistics

General Stats
  • This quiz has been taken 33 times
  • The average score is 15 of 16
Answer Stats
Picture Answer % Correct
Australia
100%
Brazil
100%
India
100%
Madagascar
100%
Russia
100%
Saudi Arabia
100%
United Kingdom
100%
United States
100%
Canada
97%
China
97%
Greece
94%
Indonesia
94%
Panama
94%
New Zealand
90%
Portugal
90%
South Africa
77%
No matching quizzes found
Score Distribution
Percent of People with Each Score
Percentile by Number Answered
Your Score History
You have not taken this quiz